|
|
|
|
| LEADER |
00000nab a2200000 ar4500 |
| 001 |
vtls010473156 |
| 003 |
SK-MaSNL |
| 005 |
20260303093834.0 |
| 008 |
121123|2009 xo |r||||||||||00 b|slo |
| 015 |
|
|
|a SNBRB2012/10
|2 snkbucl
|
| 038 |
|
|
|a SNKBUCL
|
| 040 |
|
|
|a SNKBUCL
|b slo
|e AACR2
|c SNKBUCL
|
| 041 |
0 |
|
|a slo
|
| 044 |
|
|
|a xo
|c SK
|
| 080 |
|
|
|a 821.162.4-051
|2 2001
|
| 080 |
|
|
|a 929 Strauss, Pavol
|2 2001
|
| 100 |
1 |
|
|a Rybák, Július,
|d 1933-2021
|4 aut
|9 102379
|
| 245 |
1 |
0 |
|a Zamotaný príbeh
|c Július Rybák
|
| 600 |
1 |
7 |
|a Strauss, Pavol,
|d 1912-1994
|2 snknba
|9 93225
|
| 600 |
1 |
7 |
|a Rybák, Július,
|d 1933-2021
|2 snknba
|9 102379
|
| 648 |
|
7 |
|a 1992-1993
|2 snknba
|9 276521
|
| 650 |
0 |
7 |
|a korešpondencia
|2 snknba
|9 645
|
| 655 |
|
7 |
|a poznámky
|2 snknba
|9 285558
|
| 773 |
0 |
|
|t Listy PS
|g Č. 11 (2009), s. 20-21
|
| 852 |
|
|
|a SNK
|b KIS3GCP
|
| 856 |
4 |
1 |
|u http://www.pavolstrauss.sk/sites/default/files/letter-pdfs/listyPS-11.pdf
|
| 958 |
|
|
|a LX
|
| 958 |
|
|
|a BX
|
| 999 |
|
|
|c 1817439
|d 1819369
|